Statistics for The Twilight Zone Quiz

Click here to take the quiz!

General Stats

  • This quiz has been taken 357 times
  • The average score is 15 of 16

Answer Stats

DescriptionEpisode Title% Correct
c
94%
n
94%
i
93%
m
93%
o
93%
b
92%
k
92%
g
91%
p
91%
e
90%
h
90%
l
90%
d
89%
a
88%
f
88%
j
88%

Score Distribution

Percentile by Number Answered

Percent of People with Each Score

Your Score History

You have not taken this quiz